Building Smart Teams: A Roadmap to High Performance (Record no. 1063412)

MARC details
000 -LEADER
fixed length control field 00390nam a2200133Ia 4500
008 - FIXED-LENGTH DATA ELEMENTS--GENERAL INFORMATION
fixed length control field 231228s2009 xx 000 0 und d
041 ## - LANGUAGE CODE
Language code of text/sound track or separate title eng
082 ## - DEWEY DECIMAL CLASSIFICATION NUMBER
Item number BEA
100 ## - MAIN ENTRY--PERSONAL NAME
Personal name BEATTY (Carol A.)/ SCOTT (Brenda A. Barker)
245 ## - TITLE STATEMENT
Title Building Smart Teams: A Roadmap to High Performance
250 ## - EDITION STATEMENT
Edition statement 6th Pri.
260 ## - PUBLICATION, DISTRIBUTION, ETC.
Place of publication, distribution, etc. New Delhi
Name of publisher, distributor, etc. Sage Publications New Delhi
Date of publication, distribution, etc. 2009
300 ## - PHYSICAL DESCRIPTION
Extent ix, 198

No items available.